000 00556nam a2200217Ia 4500
003 OSt
005 20220928135623.0
006 a|||||r|||| 00| 0
007 ta
008 220927b |||||||| |||| 00| 0 eng d
024 _a3939
037 _cTextual
040 _aSDCL
_cSDCL
_beng
041 _2eng
_aeng
082 _aO-,1M63x, L9
100 _aHolzberger William G
_9492165
245 0 _aComplete poems of George Santayana
260 _c1979
942 _hO-,1M63x, L9
_cTEXL
_2CC
999 _c807647
_d807647